01249cam a22003497a 4500003000500000005001700005008004100022010001000063011001000073035001000083040000900093090001000102100004100112245008400153260003900237300002000276502007100296590003700367590004100404590004100445590004100486590004100527590004200568650003300610650002400643650002900667901000700696942001000703949004200713999001700755952012700772CHAP20220329140409.0971013s1974 r 00010 d a51411 a52383 a56533 cCHAP aTesis00aFernández Espinoza, José.940174 0aPosibilidad de industrialización rural con el aceite de cártamo en México aMéxico, D. F. :bEl autor,c1974 a153 h.b: ilus. aTesis (Lic. en Economía) -- UNAM. Escuela Nacional de Economía aALEPHb10c20130110lUCH01h1327 aBATCH-UPDb10c20130110lUCH01h0546 aBATCH-UPDb10c20130110lUCH01h2327 aBATCH-UPDb10c20130410lUCH01h0227 aBATCH-UPDb10c20130914lUCH01h0507 aCONVERSIONb10c20130109lUCH01h132814aAceite de azafrancillo.942414aAzafrancillo.9904814aDesarrollo rural.932067 aBK cTESIS bBCcTESd565331eTS1h17903i56533sb c51411d51411 00102local4051708TESISaBCbBCcPA_TESISd2019-12-31fTESISl0oTesisp565331r2019-12-31 00:00:00w2019-12-31yTESIS